000 00731nam a2200229 a 4500
999 _c7556
_d7556
001 7556
003 BD-JhCC
005 20180211171819.0
008 180211s 2001bg a|||| |||| 001 0 ben d
020 _a9840741950
035 _a(BD-JhCC)7556
040 _aBD-JhCC
_dBD-JhCC
041 _aben
082 _a541.3078
_bPAL 2001
100 _aপাল, ড. সুভাষ চন্দ্র
245 _aভৌত রসায়নের পরীক্ষা /
_c ড. সুভাষ চন্দ্র পাল
260 _aঢাকা :
_bবাংলা একাডেমী,
_c2001.
300 _a548 p. :
_c24 cm.
_bill . ;
650 _aChemistry
_zPhysical and theoretical
942 _2ddc
_cBK